Ч. 1: Ряд Фурье. Интеграл Фурье. Операционное исчисление; Избранные главы высшей математики

Chi tiết về thư mục
Parent link:Избранные главы высшей математики: учебное пособие. Ч. 1: Ряд Фурье. Интеграл Фурье. Операционное исчисление.— , 1965
Tác giả chính: Колобов А. М. Александр Михайлович
Ngôn ngữ:Tiếng Nga
Được phát hành: 1965
Phiên bản:2-е изд., перераб.
Những chủ đề:
Định dạng: MixedMaterials Sách
KOHA link:https://koha.lib.tpu.ru/cgi-bin/koha/opac-detail.pl?biblionumber=251475

MARC

LEADER 00000nam2a2200000 4500
001 251475
005 20231101232647.0
035 |a (RuTPU)RU\TPU\book\273772 
035 |a RU\TPU\book\212194 
090 |a 251475 
100 |a 20140221d1965 m y0rusy50 ca 
101 0 |a rus 
102 |a BY 
105 |a a j 001zy 
200 0 |a Ч. 1: Ряд Фурье. Интеграл Фурье. Операционное исчисление  |f А. М. Колобов 
205 |a 2-е изд., перераб. 
210 |d 1965 
215 |a 223 с.  |c ил. 
320 |a Библиография в конце глав. 
320 |a Предметный указатель: с. 222-223. 
461 1 |0 (RuTPU)RU\TPU\book\212249  |t Избранные главы высшей математики  |o учебное пособие  |v Ч. 1: Ряд Фурье. Интеграл Фурье. Операционное исчисление  |d 1965 
606 1 |a Математика  |2 stltpush  |3 (RuTPU)RU\TPU\subj\67327  |9 83171 
606 1 |a Математический анализ  |2 stltpush  |3 (RuTPU)RU\TPU\subj\41236  |9 61042 
610 1 |a ряды Фурье 
610 1 |a интегралы Фурье 
610 1 |a операционное исчисление 
610 1 |a преобразования Лапласа 
610 1 |a интегральные уравнения 
610 1 |a теорема Котельникова 
610 1 |a учебные пособия 
675 |a 51(075.8)  |v 3 
675 |a 517(075.8)  |v 3 
700 1 |a Колобов  |b А. М.  |g Александр Михайлович 
801 2 |a RU  |b 63413507  |c 20171016  |g RCR 
942 |c BK